<?xml version="1.0" encoding="UTF-8"?><?xml-stylesheet type="text/xsl" href="static/style.xsl"?><OAI-PMH xmlns="http://www.openarchives.org/OAI/2.0/" xmlns:xsi="http://www.w3.org/2001/XMLSchema-instance" xsi:schemaLocation="http://www.openarchives.org/OAI/2.0/ http://www.openarchives.org/OAI/2.0/OAI-PMH.xsd"><responseDate>2026-04-14T05:05:36Z</responseDate><request verb="GetRecord" identifier="oai:www.recercat.cat:2072/422153" metadataPrefix="marc">https://recercat.cat/oai/request</request><GetRecord><record><header><identifier>oai:recercat.cat:2072/422153</identifier><datestamp>2025-04-13T20:10:41Z</datestamp><setSpec>com_2072_98</setSpec><setSpec>col_2072_378196</setSpec></header><metadata><record xmlns="http://www.loc.gov/MARC21/slim" xmlns:dcterms="http://purl.org/dc/terms/" xmlns:xsi="http://www.w3.org/2001/XMLSchema-instance" xmlns:doc="http://www.lyncode.com/xoai" xsi:schemaLocation="http://www.loc.gov/MARC21/slim http://www.loc.gov/standards/marcxml/schema/MARC21slim.xsd">
   <leader>00925njm 22002777a 4500</leader>
   <datafield ind2=" " ind1=" " tag="042">
      <subfield code="a">dc</subfield>
   </datafield>
   <datafield ind2=" " ind1=" " tag="720">
      <subfield code="a">Olmo Bautista, José Jesús</subfield>
      <subfield code="e">author</subfield>
   </datafield>
   <datafield ind2=" " ind1=" " tag="720">
      <subfield code="a">Universitat Autònoma de Barcelona. Facultat de Filosofia i Lletres</subfield>
      <subfield code="e">author</subfield>
   </datafield>
   <datafield ind2=" " ind1=" " tag="260">
      <subfield code="c">2013</subfield>
   </datafield>
   <datafield ind2=" " ind1=" " tag="520">
      <subfield code="a">El següent projecte mostra la creació d'una aplicació web-map per a la realització de consultes sobre l'informació estadística relacionada amb el port de Barcelona. Aquesta aplicació integra les eines d'anàlisi estadística de Google Fusion Tables, i les llibreries per realitzar un visor geogràfic-temporal que són Timemap i Google Earth</subfield>
   </datafield>
   <datafield ind2=" " ind1=" " tag="520">
      <subfield code="a">El siguiente proyecto aborda la creación de una aplicación web-map para la realización de consultas sobre la información estadística relacionada con el Port de Barcelona. Esta aplicación integra las herramientas de análisis estadístico de Google Fusion Tables; y las librerías para realizar un visor geográfico-temporal que son Timemap y Google Earth</subfield>
   </datafield>
   <datafield tag="653" ind2=" " ind1=" ">
      <subfield code="a">Sistemes d'informació geogràfica -- Estudi de casos</subfield>
   </datafield>
   <datafield ind2="0" ind1="0" tag="245">
      <subfield code="a">Geoport Estadistic : aplicación web para el desarrollo de herramientas de análisis y consulta de la información estadística del Port de Barcelona, incluyendo la componente temporal</subfield>
   </datafield>
</record></metadata></record></GetRecord></OAI-PMH>